| 000 -LEADER |
| fixed length control field |
01514cam a2200385 a 4500 |
| 001 - CONTROL NUMBER |
| control field |
4489046 |
| 003 - CONTROL NUMBER IDENTIFIER |
| control field |
NUST |
| 005 - DATE AND TIME OF LATEST TRANSACTION |
| control field |
20190415114041.0 |
| 008 - FIXED-LENGTH DATA ELEMENTS--GENERAL INFORMATION |
| fixed length control field |
970408s1997 nyua b 001 0 eng |
| 010 ## - LIBRARY OF CONGRESS CONTROL NUMBER |
| LC control number |
97018493 |
| 020 ## - INTERNATIONAL STANDARD BOOK NUMBER |
| International Standard Book Number |
9780385484992 |
| 038 ## - RECORD CONTENT LICENSOR |
| Staff Name |
Arshad |
| 040 ## - CATALOGING SOURCE |
| Original cataloging agency |
DLC |
| Transcribing agency |
DLC |
| Modifying agency |
DLC |
| 050 00 - LIBRARY OF CONGRESS CALL NUMBER |
| Classification number |
Q175 |
| Item number |
.K157 1997 |
| 082 00 - DEWEY DECIMAL CLASSIFICATION NUMBER |
| Classification number |
501.12 |
| Author Mark |
KAK |
| 100 1# - MAIN ENTRY--PERSONAL NAME |
| Personal name |
Kaku, Michio. |
| 9 (RLIN) |
14113 |
| 245 10 - TITLE STATEMENT |
| Title |
Visions : |
| Remainder of title |
how science will revolutionize the 21st century / |
| Statement of responsibility, etc. |
Michio Kaku. |
| 250 ## - EDITION STATEMENT |
| Edition statement |
1st Anchor Books ed. |
| 260 ## - PUBLICATION, DISTRIBUTION, ETC. |
| Place of publication, distribution, etc. |
New York : |
| Name of publisher, distributor, etc. |
Anchor Books, |
| Date of publication, distribution, etc. |
1997. |
| 300 ## - PHYSICAL DESCRIPTION |
| Extent |
xii, 403 p. : |
| Other physical details |
ill. ; |
| Dimensions |
25 cm. |
| 504 ## - BIBLIOGRAPHY, ETC. NOTE |
| Bibliography, etc. note |
Includes bibliographical references (p. [356]-393) and index. |
| 650 #0 - SUBJECT ADDED ENTRY--TOPICAL TERM |
| Topical term or geographic name entry element |
Science |
| General subdivision |
Methodology. |
| 9 (RLIN) |
14114 |
| 650 #0 - SUBJECT ADDED ENTRY--TOPICAL TERM |
| Topical term or geographic name entry element |
Science |
| General subdivision |
Forecasting. |
| 9 (RLIN) |
14115 |
| 650 #0 - SUBJECT ADDED ENTRY--TOPICAL TERM |
| Topical term or geographic name entry element |
Technological forecasting. |
| 9 (RLIN) |
8323 |
| 650 #0 - SUBJECT ADDED ENTRY--TOPICAL TERM |
| Topical term or geographic name entry element |
Quantum theory. |
| 9 (RLIN) |
177 |
| 650 #0 - SUBJECT ADDED ENTRY--TOPICAL TERM |
| Topical term or geographic name entry element |
Molecular biology. |
| 9 (RLIN) |
2446 |
| 650 #0 - SUBJECT ADDED ENTRY--TOPICAL TERM |
| Topical term or geographic name entry element |
Computers and civilization. |
| 9 (RLIN) |
14116 |
| 650 #0 - SUBJECT ADDED ENTRY--TOPICAL TERM |
| Topical term or geographic name entry element |
Twenty-first century |
| Form subdivision |
Forecasts. |
| 9 (RLIN) |
7497 |
| 856 42 - ELECTRONIC LOCATION AND ACCESS |
| Materials specified |
Contributor biographical information |
| Uniform Resource Identifier |
<a href="http://www.loc.gov/catdir/bios/random057/97018493.html">http://www.loc.gov/catdir/bios/random057/97018493.html</a> |
| 856 41 - ELECTRONIC LOCATION AND ACCESS |
| Materials specified |
Sample text |
| Uniform Resource Identifier |
<a href="http://www.loc.gov/catdir/samples/random042/97018493.html">http://www.loc.gov/catdir/samples/random042/97018493.html</a> |
| 856 42 - ELECTRONIC LOCATION AND ACCESS |
| Materials specified |
Publisher description |
| Uniform Resource Identifier |
<a href="http://www.loc.gov/catdir/description/random046/97018493.html">http://www.loc.gov/catdir/description/random046/97018493.html</a> |
| 906 ## - LOCAL DATA ELEMENT F, LDF (RLIN) |
| a |
7 |
| b |
cbc |
| c |
orignew |
| d |
1 |
| e |
ocip |
| f |
19 |
| g |
y-gencatlg |
| 942 ## - ADDED ENTRY ELEMENTS (KOHA) |
| Source of classification or shelving scheme |
|
| Koha item type |
Book |